| 000 | 00396nam a2200121 4500 | ||
|---|---|---|---|
| 999 |
_c13716 _d13716 |
||
| 008 | 190402b ||||| |||| 00| 0 eng d | ||
| 100 |
_938131 _aBuban, Charles |
||
| 245 |
_aWhy visiting auto shows still matters in the age of social media/ _cCharles Buban |
||
| 260 |
_aPhilippines: _bPhilippine Daily Inquirer; _cc2018. |
||
| 300 | _apage B4-4. | ||
| 650 | 0 |
_938132 _aAutomobiles. |
|
| 942 |
_2ddc _cPER |
||